000 00517nam a2200169Ia 4500
005 20250923144600.0
008 008 250917s9999 xx 000 0 eng d
037 _aTextual
040 _aDSWL
_beng
_cDSWL
041 _aeng
_2eng
084 _aX9g, J7
_qDSWL
245 0 _aMunal of orgricultural and animal husbandry development work in community
_cby Community Projects.
260 _aBombay
_bUniversity of Calfornia
_c1957
300 _a92p.
942 _cTEXL
_hX9g, J7
999 _c1440787
_d1440787